Relatos de Mujeres: Antología de narradoras de Costa Rica
Guardado en:
| Formato: | Libro |
|---|---|
| Lenguaje: | Spanish |
| Publicado: |
San José, Costa Rica
Editorial Mujeres
1993
|
| Edición: | Segunda edición |
| Materias: | |
| Etiquetas: |
Agregar Etiqueta
Sin Etiquetas, Sea el primero en etiquetar este registro!
|
MARC
| LEADER | 00000nam a2200000Ia 4500 | ||
|---|---|---|---|
| 008 | 170316s9999 xx 000 0 spa d | ||
| 999 | |c 30908 |d 30908 | ||
| 020 | |a 9968-9718-0-4 | ||
| 040 | |a cru BVZT | ||
| 090 | |a A-868 R-1r | ||
| 245 | |a Relatos de Mujeres: Antología de narradoras de Costa Rica |c / Linda Berrón, editora; Fernando Castro, ilustrador | ||
| 250 | |a Segunda edición | ||
| 260 | |a San José, Costa Rica | ||
| 260 | |b Editorial Mujeres | ||
| 260 | |c 1993 | ||
| 300 | |a 201 páginas | ||
| 650 | |a LITERATURA COSTARRICENSE |9 17 | ||
| 650 | |a ANTOLOGÍA |9 80 | ||
| 650 | |a RELATOS DE MUJERES | ||
| 650 | |a NARRADORAS COSTARRICENSES | ||
| 650 | |a CUENTOS |9 271 | ||
| 650 | |a NARRACIONES | ||
| 942 | |c 15 D |h A-868 R-1r |2 z | ||



